| Поле | Инд. | ПП | Название | Значение |
|---|---|---|---|---|
| Тип записи | a | |||
| Библиографический уровень | b | |||
| 001 | Контрольный номер | RU/IS/BASE/264554322 | ||
| 005 | Дата корректировки | 20110927163441.5 | ||
| 008 | Кодируемые данные | 19980320 | ||
| 084 | a | Индекс другой классификации/Индекс ББК | 22.655.2 | |
| 245 | 00 | a | Заглавие | Год великой кометы |
| 650 | a | Основная рубрика | астрономия | |
| a | Основная рубрика | Солнечная система | ||
| 653 | 00 | a | Ключевые слова | кометы |
| a | Ключевые слова | Хиякутаке комета | ||
| 773 | 00 | t | Заглавие источника | Земля и Вселенная |
| d | Дата издания источника | 1996 | ||
| g | Прочая информация | № 5. - С. 84 - 88 | ||
| w | Контрольный № источника | RU/IS/BASE/162659492 | ||
| 901 | t | Тип документа | b |